Statistics for States That Share a Name With a River

Click here to take the quiz!

General Stats

  • This quiz has been taken 18 times
  • The average score is 10 of 15

Answer Stats

Answer% Correct
Mississippi
100%
Ohio
94%
Colorado
88%
Missouri
88%
Arkansas
82%
Iowa
82%
Tennessee
76%
Alabama
71%
Illinois
71%
Kentucky
71%
Kansas
65%
Minnesota
59%
Connecticut
41%
Wisconsin
29%
Deleware
18%

Score Distribution

Percentile by Number Answered

Percent of People with Each Score

Your Score History

You have not taken this quiz